| 000 | 00586nam a2200205Ia 4500 | ||
|---|---|---|---|
| 003 | OSt | ||
| 005 | 20260312155341.0 | ||
| 008 | 210210b1951 xxu||||| |||| 00| 0 eng d | ||
| 040 | _cAL | ||
| 041 | _aHindi | ||
| 082 | _a864/167 | ||
| 100 |
_aVISHVAMBHAR MANAV _d विश्वंभर मानव _9258664 |
||
| 245 |
_aSumitranandana pant _b सुमित्रानंदन पंत |
||
| 260 |
_aAllAhAbAd _bKitab mahal _c1951 |
||
| 650 |
_aSumitranandana _9258665 |
||
| 650 |
_apant _9258666 |
||
| 690 |
_aHindi Criticism _9258667 |
||
| 906 | _a023703 | ||
| 942 |
_2ddc _cBK |
||
| 999 |
_c148668 _d148668 |
||